000
00276nam a22001217a 4500
008
181221b xxu||||| |||| 00| 0 eng d
041
_a
eng
080
_a
336
100
_a
57
101
_a
FIN
245
_a
Meropolis And Region In Transition
_c
Duncan,B
942
_2
udc
_c
BK
999
_c
53622
_d
53622